LEADER 03252nam 2200685 450 001 9910463552803321 005 20210422235206.0 010 $a3-11-037684-9 010 $a3-11-035261-3 024 7 $a10.1515/9783110352610 035 $a(CKB)3390000000062041 035 $a(EBL)1597571 035 $a(OCoLC)914329084 035 $a(SSID)ssj0001457673 035 $a(PQKBManifestationID)12631164 035 $a(PQKBTitleCode)TC0001457673 035 $a(PQKBWorkID)11443622 035 $a(PQKB)11157031 035 $a(MiAaPQ)EBC1597571 035 $a(DE-B1597)324075 035 $a(OCoLC)979583501 035 $a(DE-B1597)9783110352610 035 $a(Au-PeEL)EBL1597571 035 $a(CaPaEBR)ebr11084320 035 $a(CaONFJC)MIL814708 035 $a(EXLCZ)993390000000062041 100 $a20140516h20142014 uy| 0 101 0 $aeng 135 $aur|nu---|u||u 181 $ctxt 182 $cc 183 $acr 200 10$aZone morality /$fDavid Weissman 210 1$aBerlin ;$aBoston :$cDe Gruyter,$d[2014] 210 4$dİ2014 215 $a1 online resource (130 p.) 225 1 $aCategories ;$v5 300 $aDescription based upon print version of record. 311 $a3-11-035192-7 320 $aIncludes bibliographical references (pages 127-128) and index. 327 $tFront matter --$tAcknowledgements --$tContents --$tIntroduction --$t1 Morality and Metaphysics --$t2 Character --$t3 Moral experience --$t4 Regulation --$t5 Politics --$t6 Justification --$tBibliography --$tName index 330 $aTraditional moral theory usually has either of two emphases: virtuous moral character or principles for distributing duties and goods. Zone Morality introduces a third focus: families and businesses are systems created by the causal reciprocities of their members. These relations embody the duties and permissions of a system's moral code. Core systems satisfy basic interests and needs; we move easily among them hardly noticing that moral demands vary from system to system. Moral conflicts arise because of discord within or among systems but also because morality has three competing sites: self-assertive, self-regarding people; the moral codes of systems; and regulative principles that enhance social cohesion. Each wants authority to control the other two. Their struggles make governance fragile. A strong church or authoritarian government reduces conflict by imposing its rules, but democracy resists that solution. Procedural democracy is a default position. Its laws and equitable procedures defend people or systems having diverse interests when society fails to create a public that would govern for the common interest. 410 0$aCategories ;$v5. 606 $aReciprocity (Psychology) 606 $aInterpersonal relations 606 $aValues 608 $aElectronic books. 615 0$aReciprocity (Psychology) 615 0$aInterpersonal relations. 615 0$aValues. 676 $a303.3/72 686 $aCC 7260$2rvk 700 $aWeissman$b David$f1936-$0863071 801 0$bMiAaPQ 801 1$bMiAaPQ 801 2$bMiAaPQ 906 $aBOOK 912 $a9910463552803321 996 $aZone morality$92442936 997 $aUNINA LEADER 01606oam 2200385z- 450 001 9910689592403321 005 20161210101405.0 035 $a(CKB)5470000001380919 035 $a(BIP)006287308 035 $a(EXLCZ)995470000001380919 100 $a20220406c1997uuuu -u- - 101 0 $aeng 200 10$aOne year after ValuJet crash $eFAA response to hazmat and cargo fire protection issues : hearing before the Subcommittee on Aviation of the Committee on Transportation and Infrastructure, House of Representatives, One Hundred Fifth Congress, first session, May 15, 1997 215 $a1 online resource (iii, 185 p.) $cill 311 $a0-16-056098-5 517 $aProtecting small business and national parks 517 $aOne year after ValuJet crash 606 $aAirplanes$xFires and fire prevention$zUnited States 606 $aHazardous substances$xTransportation$zUnited States$xSafety measures 606 $aAircraft accidents$zUnited States$xPrevention 606 $aAeronautics$zUnited States$xSafety measures 607 $aYellowstone National Park$xEnvironmental conditions 610 $aAircraft accidents 610 $aHazardous substances 610 $aAeronautics 610 $aTechnology & engineering 610 $aTransportation 615 0$aAirplanes$xFires and fire prevention 615 0$aHazardous substances$xTransportation$xSafety measures. 615 0$aAircraft accidents$xPrevention. 615 0$aAeronautics$xSafety measures. 906 $aBOOK 912 $a9910689592403321 996 $aOne year after ValuJet crash$94252700 997 $aUNINA